[Event "XLIV Memoriał Szachowy Ludwika Zamenhofa 2025, Grupa B"]
[Site "Bialystok, Poland"]
[Date "2025.12.28"]
[Round "3.28"]
[White "Krajdocha, Konrad"]
[Black "Markowski, Adam"]
[Result "1-0"]
[TimeControl "90'+30\""]
[WhiteElo "1736"]
[BlackElo "1868"]

1. d4 {[%clk 01:30:58]} {[%emt 00:00:03]} Nf6 {[%clk 01:30:54]} {[%emt
00:00:06]} 2. Nc3 {[%clk 01:31:22]} {[%emt 00:00:06]} d5 {[%clk 01:31:18]}
{[%emt 00:00:05]} 3. Bf4 {[%clk 01:31:45]} {[%emt 00:00:07]} a6 {[%clk
01:31:13]} {[%emt 00:00:36]} 4. e3 {[%clk 01:32:08]} {[%emt 00:00:07]} e6
{[%clk 01:31:37]} {[%emt 00:00:06]} 5. Bd3 {[%clk 01:31:54]} {[%emt 00:00:44]}
Bd6 {[%clk 01:31:58]} {[%emt 00:00:09]} 6. Bxd6 {[%clk 01:31:09]} {[%emt
00:01:14]} Qxd6 {[%clk 01:32:15]} {[%emt 00:00:14]} 7. Nf3 {[%clk 01:31:15]}
{[%emt 00:00:23]} O-O {[%clk 01:32:37]} {[%emt 00:00:09]} 8. Ne5 {[%clk
01:29:07]} {[%emt 00:02:38]} c5 {[%clk 01:32:16]} {[%emt 00:00:51]} 9. g4
{[%clk 01:25:49]} {[%emt 00:03:48]} Nc6 {[%clk 01:31:16]} {[%emt 00:01:30]} 10.
g5 {[%clk 01:25:40]} {[%emt 00:00:39]} Ne4 {[%clk 01:28:09]} {[%emt 00:03:36]}
11. Bxe4 {[%clk 01:21:01]} {[%emt 00:05:08]} dxe4 {[%clk 01:28:13]} {[%emt
00:00:27]} 12. Nxc6 {[%clk 01:21:12]} {[%emt 00:00:19]} Qxc6 {[%clk 01:28:15]}
{[%emt 00:00:29]} 13. dxc5 {[%clk 01:21:31]} {[%emt 00:00:10]} Qxc5 {[%clk
01:28:01]} {[%emt 00:00:45]} 14. Qd4 {[%clk 01:21:42]} {[%emt 00:00:17]} Qxd4
{[%clk 01:13:46]} {[%emt 00:14:47]} 15. exd4 {[%clk 01:21:58]} {[%emt
00:00:14]} e5 {[%clk 01:12:19]} {[%emt 00:01:57]} 16. d5 {[%clk 01:19:23]}
{[%emt 00:03:04]} Bg4 {[%clk 01:11:59]} {[%emt 00:00:48]} 17. O-O {[%clk
01:19:05]} {[%emt 00:00:50]} Rfd8 {[%clk 01:09:52]} {[%emt 00:02:37]} 18. Rfe1
{[%clk 01:18:44]} {[%emt 00:00:50]} Bf3 {[%clk 01:08:42]} {[%emt 00:01:41]} 19.
Re3 {[%clk 01:18:55]} {[%emt 00:00:19]} f5 {[%clk 01:08:08]} {[%emt 00:01:04]}
20. gxf6 {[%clk 01:19:07]} {[%emt 00:00:18]} gxf6 {[%clk 01:08:29]} {[%emt
00:00:09]} 21. Nxe4 {[%clk 01:18:22]} {[%emt 00:01:16]} Bxe4 {[%clk 01:08:52]}
{[%emt 00:00:07]} 22. Rxe4 {[%clk 01:18:40]} {[%emt 00:00:12]} Rxd5 {[%clk
01:09:18]} {[%emt 00:00:04]} 23. Rc4 {[%clk 01:17:54]} {[%emt 00:01:15]} Rad8
{[%clk 01:08:48]} {[%emt 00:01:01]} 24. Kg2 {[%clk 01:17:06]} {[%emt 00:01:17]}
Kf7 {[%clk 01:08:18]} {[%emt 00:01:01]} 25. Kf3 {[%clk 01:17:09]} {[%emt
00:00:25]} Ke6 {[%clk 01:08:19]} {[%emt 00:00:30]} 26. Rg1 {[%clk 01:16:32]}
{[%emt 00:01:06]} R5d7 {[%clk 01:06:43]} {[%emt 00:02:07]} 27. Ke3 {[%clk
01:15:55]} {[%emt 00:01:06]} f5 {[%clk 01:06:34]} {[%emt 00:00:41]} 28. f4
{[%clk 01:12:26]} {[%emt 00:03:58]} e4 {[%clk 01:04:57]} {[%emt 00:02:07]} 29.
Rc5 {[%clk 01:12:20]} {[%emt 00:00:35]} Kf6 {[%clk 01:03:09]} {[%emt 00:02:19]}
30. Rg5 {[%clk 01:12:24]} {[%emt 00:00:25]} Rd5 {[%clk 01:03:33]} {[%emt
00:00:07]} 31. Rc7 {[%clk 01:12:43]} {[%emt 00:00:12]} R8d7 {[%clk 01:03:52]}
{[%emt 00:00:10]} 32. Rc8 {[%clk 01:12:38]} {[%emt 00:00:35]} Rf7 {[%clk
01:01:43]} {[%emt 00:02:39]} 33. h4 {[%clk 01:12:31]} {[%emt 00:00:38]} h6
{[%clk 00:53:49]} {[%emt 00:08:24]} 34. Rg1 {[%clk 01:12:37]} {[%emt 00:00:22]}
Rdd7 {[%clk 00:52:40]} {[%emt 00:01:41]} 35. h5 {[%clk 01:08:46]} {[%emt
00:04:20]} Rg7 {[%clk 00:52:45]} {[%emt 00:00:25]} 36. Rf8+ {[%clk 01:09:02]}
{[%emt 00:00:13]} Rdf7 {[%emt 00:01:58]} 37. Rxg7 {[%clk 01:08:16]} {[%emt
00:00:03]} Kxg7 {[%clk 00:52:42]} {[%emt 00:00:19]} 38. Rd8 {[%clk 01:07:58]}
{[%emt 00:00:48]} b6 {[%clk 00:50:21]} {[%emt 00:02:52]} 39. Rd6 {[%clk
01:07:32]} {[%emt 00:00:55]} Rf6 {[%clk 00:50:45]} {[%emt 00:00:07]} 40. Rd7+
{[%clk 01:07:54]} {[%emt 00:00:07]} Kf8 {[%clk 00:50:35]} {[%emt 00:00:40]} 41.
a4 {[%clk 01:06:13]} {[%emt 00:02:11]} a5 {[%clk 00:49:37]} {[%emt 00:01:29]}
42. c3 {[%clk 01:05:13]} {[%emt 00:01:30]} Ke8 {[%clk 00:49:47]} {[%emt
00:00:20]} 43. Rd5 {[%clk 01:04:48]} {[%emt 00:00:54]} Ke7 {[%clk 00:49:32]}
{[%emt 00:00:45]} 44. b4 {[%clk 01:05:03]} {[%emt 00:00:15]} axb4 {[%clk
00:47:20]} {[%emt 00:02:42]} 45. cxb4 {[%clk 01:05:27]} {[%emt 00:00:06]} Ke6
{[%clk 00:46:27]} {[%emt 00:01:24]} 46. Rb5 {[%clk 01:05:48]} {[%emt 00:00:09]}
Kd7 {[%clk 00:46:28]} {[%emt 00:00:29]} 47. a5 {[%clk 01:05:35]} {[%emt
00:00:43]} bxa5 {[%clk 00:46:38]} {[%emt 00:00:19]} 48. bxa5 {[%clk 01:05:58]}
{[%emt 00:00:08]} Rf8 {[%clk 00:45:38]} {[%emt 00:01:29]} 49. Rb6 {[%clk
01:04:09]} {[%emt 00:02:19]} Ra8 {[%clk 00:43:53]} {[%emt 00:02:16]} 50. a6
{[%clk 01:04:12]} {[%emt 00:00:27]} Ke7 {[%clk 00:41:37]} {[%emt 00:02:45]} 51.
Rxh6 {[%clk 01:03:31]} {[%emt 00:01:11]} Rd8 {[%clk 00:39:47]} {[%emt
00:02:19]} 52. Rh7+ {[%clk 01:01:12]} {[%emt 00:02:50]} Kf6 {[%clk 00:39:11]}
{[%emt 00:01:07]} 53. a7 {[%clk 01:01:16]} {[%emt 00:00:26]} Rd3+ {[%clk
00:39:31]} {[%emt 00:00:10]} 54. Ke2 {[%clk 01:01:38]} {[%emt 00:00:07]} Ra3
{[%clk 00:39:54]} {[%emt 00:00:08]} 55. Rb7 {[%clk 01:01:38]} {[%emt 00:00:28]}
Ra2+ {[%clk 00:39:46]} {[%emt 00:00:40]} 56. Kd1 {[%clk 01:01:48]} {[%emt
00:00:18]} Ra1+ {[%clk 00:39:49]} {[%emt 00:00:28]} 57. Kc2 {[%clk 01:01:57]}
{[%emt 00:00:20]} Ra2+ {[%clk 00:39:35]} {[%emt 00:00:45]} 58. Kb1 {[%clk
01:02:17]} {[%emt 00:00:10]} Ra5 {[%clk 00:38:38]} {[%emt 00:01:28]} 59. h6
{[%clk 01:02:38]} {[%emt 00:00:08]} e3 {[%clk 00:37:50]} {[%emt 00:01:19]} 60.
h7 {[%clk 01:03:05]} {[%emt 00:00:02]} 1-0

[Event "XLIV Memoriał Szachowy Ludwika Zamenhofa 2025, Grupa B"]
[Site "Bialystok, Poland"]
[Date "2025.12.28"]
[Round "3.29"]
[White "Pidluznij, Matvej"]
[Black "Borowik, Monika"]
[Result "1-0"]
[TimeControl "90'+30\""]
[WhiteElo "1868"]
[BlackElo "1732"]

1. e4 {[%clk 01:30:57]} {[%emt 00:00:02]} c5 {[%clk 01:27:06]} {[%emt
00:03:54]} 2. Nf3 {[%clk 01:31:19]} {[%emt 00:00:08]} Nc6 {[%clk 01:26:53]}
{[%emt 00:00:44]} 3. c3 {[%clk 01:31:06]} {[%emt 00:00:43]} d5 {[%clk
01:27:08]} {[%emt 00:00:15]} 4. exd5 {[%clk 01:30:58]} {[%emt 00:00:37]} Qxd5
{[%clk 01:27:28]} {[%emt 00:00:10]} 5. d4 {[%clk 01:30:54]} {[%emt 00:00:34]}
Bf5 {[%clk 01:25:23]} {[%emt 00:02:35]} 6. Be3 {[%clk 01:27:05]} {[%emt
00:04:19]} Bxb1 {[%clk 01:20:50]} {[%emt 00:05:04]} 7. Qxb1 {[%clk 01:21:16]}
{[%emt 00:06:19]} cxd4 {[%clk 01:20:59]} {[%emt 00:00:20]} 8. Nxd4 {[%clk
01:16:13]} {[%emt 00:05:34]} Nxd4 {[%clk 01:18:44]} {[%emt 00:02:45]} 9. Bxd4
{[%clk 01:15:42]} {[%emt 00:01:00]} e6 {[%clk 01:12:24]} {[%emt 00:06:50]} 10.
Qd3 {[%clk 01:12:33]} {[%emt 00:03:39]} Ne7 {[%clk 01:03:24]} {[%emt 00:09:30]}
11. Be2 {[%clk 00:47:20]} {[%emt 00:25:43]} Nc6 {[%clk 00:57:54]} {[%emt
00:06:01]} 12. Bf3 {[%clk 00:28:39]} {[%emt 00:19:10]} Qd7 {[%clk 00:40:46]}
{[%emt 00:17:38]} 13. Bxc6 {[%clk 00:24:23]} {[%emt 00:04:47]} Qxc6 {[%clk
00:33:20]} {[%emt 00:07:55]} 14. O-O {[%clk 00:16:58]} {[%emt 00:07:54]} O-O-O
{[%clk 00:29:31]} {[%emt 00:04:20]} 15. Qe3 {[%clk 00:16:35]} {[%emt 00:00:54]}
a6 {[%clk 00:26:52]} {[%emt 00:03:09]} 16. a4 {[%clk 00:14:48]} {[%emt
00:02:18]} Bd6 {[%clk 00:22:13]} {[%emt 00:05:08]} 17. b4 {[%clk 00:11:33]}
{[%emt 00:03:45]} Bc7 {[%clk 00:20:18]} {[%emt 00:02:25]} 18. f4 {[%clk
00:08:15]} {[%emt 00:03:48]} f6 {[%clk 00:15:18]} {[%emt 00:05:29]} 19. b5
{[%clk 00:06:29]} {[%emt 00:02:17]} Qd6 {[%clk 00:14:08]} {[%emt 00:01:39]} 20.
bxa6 {[%clk 00:05:53]} {[%emt 00:01:07]} Qxa6 {[%clk 00:14:08]} {[%emt
00:00:30]} 21. Rab1 {[%clk 00:04:20]} {[%emt 00:02:04]} Qc6 {[%clk 00:07:31]}
{[%emt 00:07:06]} 22. Bb6 {[%clk 00:02:58]} {[%emt 00:01:52]} Rhe8 {[%clk
00:06:48]} {[%emt 00:01:11]} 23. Bxc7 {[%clk 00:02:55]} {[%emt 00:00:34]} Kxc7
{[%clk 00:04:58]} {[%emt 00:02:21]} 24. Rb5 {[%clk 00:01:57]} {[%emt 00:01:28]}
Rd5 {[%clk 00:04:53]} {[%emt 00:00:34]} 25. c4 {[%clk 00:01:34]} {[%emt
00:00:53]} Rxb5 {[%clk 00:02:27]} {[%emt 00:02:57]} 26. cxb5 {[%clk 00:02:03]}
Qd6 {[%clk 00:01:30]} {[%emt 00:01:27]} 27. Rc1+ {[%clk 00:00:52]} {[%emt
00:01:42]} Kb8 {[%clk 00:01:58]} {[%emt 00:00:01]} 28. Qc3 {[%clk 00:00:51]}
{[%emt 00:00:31]} e5 {[%clk 00:01:37]} {[%emt 00:00:52]} 29. fxe5 {[%clk
00:00:34]} {[%emt 00:00:47]} fxe5 {[%clk 00:01:38]} {[%emt 00:00:30]} 30. Re1
{[%clk 00:00:34]} {[%emt 00:00:30]} Qb6+ {[%clk 00:01:21]} {[%emt 00:00:47]} 31.
Kh1 {[%clk 00:00:37]} {[%emt 00:00:27]} e4 {[%clk 00:00:41]} {[%emt 00:01:10]}
32. Qxg7 {[%clk 00:00:34]} {[%emt 00:00:34]} e3 {[%clk 00:00:33]} {[%emt
00:00:37]} 33. Qg3+ {[%clk 00:00:46]} {[%emt 00:00:18]} Ka8 {[%clk 00:00:52]}
{[%emt 00:00:10]} 34. Qf3 {[%clk 00:00:45]} {[%emt 00:00:32]} Qc5 {[%clk
00:00:38]} {[%emt 00:00:44]} 35. h3 {[%clk 00:00:45]} {[%emt 00:00:30]} Qc3
{[%clk 00:00:42]} {[%emt 00:00:25]} 36. Qe2 {[%clk 00:00:35]} {[%emt 00:00:41]}
Qd4 {[%clk 00:00:38]} {[%emt 00:00:34]} 37. a5 {[%clk 00:00:47]} {[%emt
00:00:19]} Qc5 {[%clk 00:00:33]} {[%emt 00:00:35]} 38. a6 {[%clk 00:01:02]}
{[%emt 00:00:15]} bxa6 {[%clk 00:00:36]} {[%emt 00:00:27]} 39. bxa6 {[%clk
00:01:31]} Ka7 {[%clk 00:01:03]} {[%emt 00:00:02]} 40. Qd3 {[%clk 00:00:54]}
{[%emt 00:01:07]} Re7 {[%clk 00:01:14]} {[%emt 00:00:20]} 41. Qe2 {[%clk
00:00:50]} {[%emt 00:00:34]} Qb6 {[%clk 00:00:41]} {[%emt 00:01:03]} 42. Qf3
{[%clk 00:00:35]} {[%emt 00:00:45]} Qd4 {[%clk 00:00:33]} {[%emt 00:00:38]} 43.
Qe2 {[%clk 00:00:34]} {[%emt 00:00:31]} Qc5 {[%clk 00:00:31]} {[%emt 00:00:31]}
44. Qd3 {[%clk 00:00:48]} {[%emt 00:00:17]} Qb6 {[%clk 00:00:33]} {[%emt
00:00:28]} 45. Kh2 {[%clk 00:00:32]} {[%emt 00:00:46]} Qc5 {[%clk 00:00:36]}
{[%emt 00:00:26]} 46. Re2 {[%clk 00:00:37]} {[%emt 00:00:26]} Qc7+ {[%clk
00:00:35]} {[%emt 00:00:31]} 47. g3 {[%clk 00:00:39]} {[%emt 00:00:28]} Qb6
{[%clk 00:00:47]} {[%emt 00:00:16]} 48. h4 {[%clk 00:00:37]} {[%emt 00:00:33]}
Qc5 {[%clk 00:00:35]} {[%emt 00:00:42]} 49. Rc2 {[%clk 00:00:36]} {[%emt
00:00:32]} Qb6 {[%clk 00:00:40]} {[%emt 00:00:25]} 50. Kg2 {[%clk 00:00:35]}
{[%emt 00:00:31]} Rf7 {[%clk 00:00:31]} {[%emt 00:00:38]} 51. Kh3 {[%clk
00:00:34]} {[%emt 00:00:31]} Qe6+ {[%clk 00:00:34]} {[%emt 00:00:28]} 52. Kg2
{[%clk 00:00:39]} {[%emt 00:00:24]} Qb6 {[%clk 00:00:37]} {[%emt 00:00:26]} 53.
Qc4 {[%clk 00:00:44]} {[%emt 00:00:27]} Rd7 {[%clk 00:00:37]} {[%emt 00:00:30]}
54. Kf3 {[%clk 00:00:33]} {[%emt 00:00:40]} Qf6+ {[%clk 00:00:38]} {[%emt
00:00:29]} 55. Qf4 {[%clk 00:00:43]} {[%emt 00:00:20]} Qe7 {[%clk 00:00:34]}
{[%emt 00:00:34]} 56. Qxe3+ {[%clk 00:01:03]} {[%emt 00:00:11]} Qxe3+ {[%clk
00:01:02]} {[%emt 00:00:01]} 57. Kxe3 {[%clk 00:01:33]} Kxa6 {[%clk 00:01:31]}
58. Kf4 {[%clk 00:01:38]} {[%emt 00:00:25]} h5 {[%clk 00:00:46]} {[%emt
00:01:15]} 59. Rc6+ {[%clk 00:01:08]} {[%emt 00:00:59]} Kb5 {[%clk 00:00:59]}
{[%emt 00:00:17]} 60. Re6 {[%clk 00:01:02]} {[%emt 00:00:36]} Kc4 {[%clk
00:00:36]} {[%emt 00:00:53]} 61. Kg5 {[%clk 00:00:31]} {[%emt 00:01:01]} Rd5+
{[%clk 00:00:35]} {[%emt 00:00:31]} 62. Kh6 {[%clk 00:00:41]} {[%emt 00:00:21]}
Rf5 {[%clk 00:00:34]} {[%emt 00:00:30]} 63. Rg6 {[%clk 00:00:55]} {[%emt
00:00:16]} Rf3 {[%clk 00:00:31]} {[%emt 00:00:33]} 64. Kxh5 {[%clk 00:01:18]}
{[%emt 00:00:07]} Kd5 {[%clk 00:00:56]} {[%emt 00:00:06]} 65. g4 {[%clk
00:01:39]} {[%emt 00:00:09]} Ke5 {[%clk 00:01:15]} {[%emt 00:00:09]} 66. Kh6
{[%clk 00:01:59]} {[%emt 00:00:11]} Rf7 {[%clk 00:01:27]} {[%emt 00:00:18]} 67.
g5 {[%clk 00:01:28]} {[%emt 00:01:01]} Kf5 {[%clk 00:01:38]} {[%emt 00:00:19]}
68. Rg7 {[%clk 00:01:17]} {[%emt 00:00:42]} Rf8 {[%clk 00:02:00]} {[%emt
00:00:08]} 69. h5 {[%clk 00:00:36]} {[%emt 00:01:11]} Rh8+ {[%clk 00:01:21]}
{[%emt 00:01:09]} 70. Rh7 {[%clk 00:01:02]} {[%emt 00:00:03]} Ra8 {[%clk
00:00:34]} {[%emt 00:01:17]} 71. Rf7+ {[%clk 00:01:21]} {[%emt 00:00:11]} Ke6
{[%clk 00:00:55]} {[%emt 00:00:09]} 72. Rg7 {[%clk 00:00:40]} {[%emt 00:01:12]}
Rf8 {[%clk 00:00:35]} {[%emt 00:00:49]} 73. Kh7 {[%clk 00:00:53]} {[%emt
00:00:17]} Kf5 {[%clk 00:00:36]} {[%emt 00:00:28]} 74. h6 {[%clk 00:00:58]}
{[%emt 00:00:26]} Rd8 {[%clk 00:00:35]} {[%emt 00:00:32]} 75. Rf7+ {[%clk
00:01:09]} {[%emt 00:00:18]} Kxg5 {[%clk 00:00:54]} {[%emt 00:00:10]} 76. Kg7
{[%clk 00:01:11]} {[%emt 00:00:29]} Rd6 {[%clk 00:00:48]} {[%emt 00:00:35]} 77.
h7 {[%clk 00:01:27]} {[%emt 00:00:15]} Rg6+ {[%clk 00:01:06]} {[%emt 00:00:12]}
78. Kf8 {[%clk 00:01:34]} {[%emt 00:00:22]} Rh6 {[%clk 00:01:18]} {[%emt
00:00:19]} 79. Kg8 {[%clk 00:01:53]} {[%emt 00:00:11]} Kg6 {[%clk 00:00:41]}
{[%emt 00:01:07]} 80. Rg7+ {[%clk 00:02:10]} {[%emt 00:00:13]} 1-0

[Event "XLIV Memoriał Szachowy Ludwika Zamenhofa 2025, Grupa B"]
[Site "Bialystok, Poland"]
[Date "2025.12.28"]
[Round "3.30"]
[White "Pojawa, Jakub"]
[Black "Tonga, Radoslaw"]
[Result "1/2-1/2"]
[TimeControl "90'+30\""]
[WhiteElo "1858"]
[BlackElo "1720"]

1. d4 {[%clk 01:29:04]} {[%emt 00:01:55]} Nf6 {[%clk 01:30:49]} {[%emt
00:00:11]} 2. c4 {[%clk 01:27:52]} {[%emt 00:01:43]} c5 {[%clk 01:31:03]}
{[%emt 00:00:15]} 3. d5 {[%clk 01:28:10]} {[%emt 00:00:13]} e6 {[%clk
01:31:19]} {[%emt 00:00:14]} 4. Nc3 {[%clk 01:28:05]} {[%emt 00:00:35]} exd5
{[%clk 01:31:39]} {[%emt 00:00:10]} 5. cxd5 {[%clk 01:27:15]} {[%emt 00:01:20]}
d6 {[%clk 01:31:55]} {[%emt 00:00:13]} 6. e4 {[%clk 01:27:17]} {[%emt
00:00:28]} g6 {[%clk 01:32:13]} {[%emt 00:00:13]} 7. Bd3 {[%clk 01:24:22]}
{[%emt 00:03:25]} Bg7 {[%clk 01:32:24]} {[%emt 00:00:18]} 8. Nge2 {[%clk
01:23:55]} {[%emt 00:00:58]} O-O {[%clk 01:32:30]} {[%emt 00:00:23]} 9. O-O
{[%clk 01:23:00]} {[%emt 00:01:26]} a6 {[%clk 01:32:30]} {[%emt 00:00:30]} 10.
a4 {[%clk 01:19:50]} {[%emt 00:03:40]} Re8 {[%clk 01:32:27]} {[%emt 00:00:32]}
11. f3 {[%clk 01:18:24]} {[%emt 00:01:56]} Nbd7 {[%clk 01:31:50]} {[%emt
00:01:06]} 12. Kh1 {[%clk 00:54:13]} {[%emt 00:24:42]} b6 {[%clk 01:30:07]}
{[%emt 00:02:13]} 13. Bf4 {[%clk 00:48:13]} {[%emt 00:06:30]} Ne5 {[%clk
01:30:12]} {[%emt 00:00:26]} 14. Bxe5 {[%clk 00:46:25]} {[%emt 00:02:17]} Rxe5
{[%clk 01:30:30]} {[%emt 00:00:12]} 15. Ng3 {[%clk 00:46:19]} {[%emt 00:00:37]}
Nh5 {[%clk 01:26:54]} {[%emt 00:04:06]} 16. Nce2 {[%clk 00:43:20]} {[%emt
00:03:28]} Nxg3+ {[%clk 01:26:47]} {[%emt 00:00:37]} 17. Nxg3 {[%clk 00:43:27]}
{[%emt 00:00:23]} Re8 {[%clk 01:25:43]} {[%emt 00:01:34]} 18. Rb1 {[%clk
00:43:24]} {[%emt 00:00:33]} Qc7 {[%clk 01:10:02]} {[%emt 00:16:12]} 19. b3
{[%clk 00:38:19]} {[%emt 00:05:34]} Bd7 {[%clk 00:59:05]} {[%emt 00:11:28]} 20.
Qc2 {[%clk 00:28:53]} {[%emt 00:09:54]} b5 {[%clk 00:39:27]} {[%emt 00:20:10]}
21. axb5 {[%clk 00:28:40]} {[%emt 00:00:43]} axb5 {[%clk 00:39:39]} {[%emt
00:00:17]} 22. f4 {[%clk 00:21:09]} {[%emt 00:08:03]} Ra3 {[%clk 00:38:46]}
{[%emt 00:01:21]} 23. f5 {[%clk 00:19:32]} {[%emt 00:02:08]} Be5 {[%clk
00:37:19]} {[%emt 00:01:56]} 24. Qc1 {[%clk 00:16:09]} {[%emt 00:03:54]} Rea8
{[%clk 00:36:18]} {[%emt 00:01:30]} 25. f6 {[%clk 00:16:20]} {[%emt 00:00:21]}
Qd8 {[%clk 00:36:32]} {[%emt 00:00:15]} 26. Nf5 {[%clk 00:08:39]} {[%emt
00:08:11]} Bxf5 {[%clk 00:33:33]} {[%emt 00:03:28]} 27. exf5 {[%clk 00:08:59]}
{[%emt 00:00:11]} Qxf6 {[%clk 00:24:37]} {[%emt 00:09:25]} 28. fxg6 {[%clk
00:09:06]} {[%emt 00:00:23]} Qh4 {[%clk 00:24:54]} {[%emt 00:00:13]} 29. gxf7+
{[%clk 00:09:16]} {[%emt 00:00:21]} Kf8 {[%clk 00:25:11]} {[%emt 00:00:13]} 30.
h3 {[%clk 00:09:00]} {[%emt 00:00:45]} Ra2 {[%clk 00:22:47]} {[%emt 00:02:54]}
31. Qe1 {[%clk 00:07:23]} {[%emt 00:02:04]} Qg5 {[%clk 00:22:22]} {[%emt
00:00:58]} 32. Be4 {[%clk 00:05:34]} {[%emt 00:02:20]} Re2 {[%clk 00:06:06]}
{[%emt 00:16:45]} 33. Qxe2 {[%clk 00:05:05]} {[%emt 00:00:59]} Qg3 {[%clk
00:06:27]} {[%emt 00:00:09]} 34. Kg1 {[%clk 00:04:56]} {[%emt 00:00:39]} Qh2+
{[%emt 00:00:05]} 35. Kf2 Qg3+ {[%emt 00:00:01]} 36. Kg1 1/2-1/2